Khí hậu Việt Nam

محفوظ في:
التفاصيل البيبلوغرافية
المؤلف الرئيسي: Đỗ Đinh Cương
التنسيق: كتاب
اللغة:Undetermined
منشور في: Sài gòn Khai trí 1968
الموضوعات:
الوسوم: إضافة وسم
لا توجد وسوم, كن أول من يضع وسما على هذه التسجيلة!
Thư viện lưu trữ: Trung tâm Học liệu Trường Đại học Cần Thơ
LEADER 00459nam a2200169Ia 4500
001 CTU_3391
008 210402s9999 xx 000 0 und d
082 |a 551.6909597 
082 |b C561 
100 |a Đỗ Đinh Cương 
245 0 |a Khí hậu Việt Nam 
245 0 |c Đỗ Đinh Cương 
260 |a Sài gòn 
260 |b Khai trí 
260 |c 1968 
650 |a climatology 
980 |a Trung tâm Học liệu Trường Đại học Cần Thơ